MDQL
is popping MORE tags! Check the
thread
!
Quizzes
Events
Quiz Creation
Community
Videos
Private Events
Remove Ads
Sign In
Join for FREE
Feedback
Dark Mode
Quiz Categories
Sports
Geography
Music
Movies
Television
Just For Fun
Miscellaneous
History
Literature
Language
Science
Gaming
Entertainment
Religion
Holiday
For Kids
Quiz Lab
Recent
Popular Today
Quiz Kudos Today
Editor Picks
Curator Picks
Quizzes by...
Day
Popularity
Type
Ratings
Length
Year
Community
Subscriptions
Recent Discussions
Orange Saloon
Badges
Playlists
Quests
Create
Leaderboards
Showdown
Live 5
Trivia Bingo
Activity
Puzzle Library
Sporcle Events
Private Events
Virtual Trivia
Globe League
Become a Host
Pub Owners
SporcleCon
Opinionation
Our Games
Videos
Blog
Mobile Apps
Partnerships
Remove Ads and Go Orange
Feedback
Sports
Athletes
MLB
NBA
NHL
NFL
Soccer
Sports Teams
WWE
NCAA
Football
Premier League
Basketball
Baseball
Hockey
Golf
Tennis
Cricket
Rugby
Auto Racing
Olympics
World Cup
Sports
Athletes
MLB
NBA
NHL
NFL
Soccer
Sports Teams
WWE
NCAA
Football
Premier League
Basketball
Baseball
Hockey
Golf
Tennis
Cricket
Rugby
Auto Racing
Olympics
World Cup
Random Quiz
Search Sporcle
×
Quiz Lab
Quiz Lab
Sports
Decade
Type in answers that appear in a list
Type in answers that appear in a list
Classic
Best Score? Go Orange.
Every FA Cup Semi-Finalist From The Last Decade Stats
Can you name Every FA Cup Semi-Finalist From The Last Decade?
By
simonokeeffe
6m
44 Questions
188 Plays
188 Plays
188 Plays
Comments
Comments
Give Quiz Kudos
Give Quiz Kudos
-
- Ratings
hide this ad
Replay
Link that replays current quiz
Next Quiz
Link to next quiz in quiz playlist
You Got
0%
They Got
Avg Score
81%
Avg Friend Score
Upgrade to see
Score Distribution
Jump to the score distribution portion of the page
Score
0/44
Timer
06:00
0
Plays Today
Year
Team
% Correct
2017
Arsenal
98.4%
2015
Arsenal
98.4%
2014
Arsenal
98.4%
2009
Arsenal
98.4%
2016
Manchester United
97.3%
2011
Manchester United
97.3%
2009
Manchester United
97.3%
2007
Manchester United
97.3%
2017
Tottenham Hotspur
96.8%
2012
Tottenham Hotspur
96.8%
2010
Tottenham Hotspur
96.8%
2017
Manchester City
96.3%
2013
Manchester City
96.3%
2011
Manchester City
96.3%
2017
Chelsea
95.7%
2013
Chelsea
95.7%
2012
Chelsea
95.7%
2010
Chelsea
95.7%
2009
Chelsea
95.7%
2007
Chelsea
95.7%
2016
Everton
94.7%
2015
Liverpool
94.7%
Year
Team
% Correct
2012
Liverpool
94.7%
2012
Everton
94.7%
2009
Everton
94.7%
2015
Aston Villa
78.7%
2010
Aston Villa
78.7%
2010
Portsmouth
78.2%
2008
Portsmouth
78.2%
2016
Crystal Palace
75%
2014
Hull City
75%
2014
Wigan Athletic
73.9%
2013
Wigan Athletic
73.9%
2011
Stoke City
73.9%
2008
Cardiff City
67%
2008
West Bromwich Albion
63.8%
2016
Watford
59.6%
2007
Watford
59.6%
2014
Sheffield United
52.1%
2011
Bolton Wanderers
51.6%
2013
Millwall
51.1%
2007
Blackburn Rovers
45.2%
2015
Reading
42%
2008
Barnsley
19.7%
Quiz Playlist
Details
Report
Send in Message
Add To Playlist
Classic:
Type in answers that appear in a list
Last Updated: Apr 21, 2017
Quiz Scoreboard
CHALLENGE
Sign Up to Join the Scoreboard
Show All
Scores
Hide
Comments
May contain spoilers
Recently Published
Two Season TV Shows II
by 123Four
Television
10m
Image Sorting: Flags VI
by Barbecue
Geography
2m
Find the 'City' Movie
by crazypaving
Movies
60s
More to Explore
Quiz From the Vault
Featured Blog Post
14 Easter Pick-up Lines to Find Eggs With
hide this ad
You Might Also Like...
Tags
Decade Quiz
cup
last
team
Today's Top Quizzes in Sports
Browse Sports
hide this ad
Today's Top Quizzes in Decade
Browse Decade
Top Contributed Quizzes in Sports
1
Les meilleurs buteurs des matchs entre le PSG et l’OM
2
Les entraîneurs de l'OM et du PSG au 21e siècle
3
2022 World Cup Stars
4
Les joueurs passés par le PSG et l'OM
5
Players with Multiple 50 Home Run Seasons
6
FIFA Club World Cup Champions
7
Criteria MLB: Left Handed Sluggers
8
Les joueurs passés par le LOSC et le RC Lens
9
Top 10 NHL Goal Scorers of All Time
10
NBA Logic Puzzle 2.0
Explore More
Trending Topics
Kpop
Marvel
Anime
Harry Potter
Crossword
NBA
Disney
Puzzle
Country
Pokémon
The Office
WWE
Song
NFL
Soccer
hide this ad
More By:
simonokeeffe
Quiz
Plays
Rating
Category
Featured
Created
How Much Do You Remember From The 2016/17 PL Season?
2,051
5.00
Sports
May 22, 2017
The Last 20 Champions League Losing Finalists
1,669
5.00
Sports
Jun 3, 2017
Man Utd Starting XI v Chelsea, Oct 28th 2012
1,509
3.00
Sports
Apr 14, 2017
Ireland XI Vs Wales In 2007
1,482
Sports
Mar 21, 2017
Man Utd's XI From The 2-1 Defeat To Ajax In 2012
689
Sports
May 24, 2017
Go to Creator's Profile
Score Distribution
Quiz Creator Spotlight
simonokeeffe
Follow
Send a Message
Quizzes Created
-
Created Quiz Play Count
-
More By This Creator
Popular Quizzes Today
1
Find the US States - No Outlines Minefield
2
Colored Red Africa Blitz
3
Find the 'City' Movie
4
5x2 Blitz: Bands
5
The Countries of the World
6
Find the Countries of Europe - No Outlines Minefield
7
Find the US States
8
US States
More Sports Quizzes
Sports by Rubber Ducky
Published
Trending Quizzes
Colored Red Europe Blitz I
Colored Red Africa Blitz II
Colored Red Europe Blitz II
Colored Red Africa Blitz III
Even More Two Season TV Shows
Recently Updated
March Madness Men's Triple Doubles
pecheneg
How Do You Spell That?
pecheneg
Godzilla Movies
pecheneg
Grab Bag: 4-10 Letters
pecheneg
2024 March Madness Bracket
pecheneg
Famous TV Couples
Peacemaker
Champions League XIs: Real Madrid
pecheneg
Largest US Cities 1790-2010
pecheneg
Rides in Walt Disney World
pecheneg
Most Oscar Losses (Acting)
pecheneg
Trending Topics
Marvel
Crossword
Disney
Anime
NBA
Kpop
Harry Potter
The Office
Country
WWE
Soccer
Song
NFL
Puzzle
Pokémon
Your Account Isn't Verified!
In order to create a playlist on Sporcle, you need to verify the email address you used during registration. Go to your
Sporcle Settings
to finish the process.
Report this User
Report this user for behavior that violates our
Community Guidelines
.
Details:
Send Report
Go to the Sporcle.com Mobile Site →
Comments